000 01032nam a22002657a 4500
003 BD-DhSAU
005 20171102164327.0
008 160419b2014 bg ||||| |||| 001 0 eng d
040 _aBD-DhSAU
082 _222
_a338.1
_bA3158
100 _aAkter, Suraiya
_eRegistration # 07-02518
245 _aEfficiency of rice-cum-fish culture in a selected area of Mymensingh District /
_bMS thesis
260 _aSher-e-Bangla Agricultural Uniersity :
_bDepartment of Agricultural Economics,
_c2014
300 _ax, 64 p. :
_bill. ;
_c30 cm.
500 _aMS thesis, Department of Agricultural Economics, Faculty of Agriculture, Sher-e-Bangla Agricultural University, Dhaka, Bangladesh
590 _aMd. Sirjul Islam
650 _aEconomic
650 _aRice
650 _aFish
650 _aCulture
_zMymensingh
700 _aJalil, Gazi M. A.
_eSupervisor
700 _aMondal, Ripon Kumar
_eCo-Suparvisor
856 _uhttp://archive.saulibrary.edu.bd:8080/handle/123456789/324
_yOnline Access
942 _2ddc
_cTHESIS
999 _c14119
_d14118